000 00618nam a22001817a 4500
999 _c14766
_d14766
003 AR-CdUCM
008 190424b ||||| |||| 00| 0 spa d
040 _aMUNICIPALIDAD PROVINCIAL DEL CUSCO
_cBIBLIOTECA MUNICIPAL DEL CUSCO
082 _a050 /
_bEP68 / 1965
245 _aÉpoca :
_bletras y artes /
260 _aArequipa :
_bHelios,
_c1965.
300 _a34páginas ;
_bimágenes,
_c22 cm.
440 _aÉpoca
_n01
_933651
505 _aLa ultima literatura hispanoamericana -- Conversación con Jorge Icaza -- El cuento en el Peru...
650 _aLiteratura.
_983
942 _2ddc
_cPP
945 _awfj
_d2019-04-24